Ser mujer en un mundo de hombres / (Registro nro. 13995)

Detalles MARC
000 -LIDER
fixed length control field 00803nam a2200253 a 4500
001 - NÚMERO DE CONTROL
Identificador de número de control
003 - IDENTIFICACDOR DE NÚMERO DE CONTROL
control field DO-SdBNP
005 - DATE AND TIME OF LATEST TRANSACTION
control field 20220201080152.0
008 - ELEMENTOS DE LONGITUD FIJA
fixed length control field 190130s2018 dr r 000 0 spa d
020 ## - ISBN
International Standard Book Number 9781721085941
040 ## - FUENTE DE CATALOGACIÓN
Agencia que crea de manera original el registro DO-SdBNP
Idioma de catalogación spa
Agencia que realiza la transcripción BPMSU
082 ## - NÚMERO DE CLASIFICACIÓN DECIMAL DE DEWEY
Classification number 658.4092
Item number V168s 2018
Edition number 22
100 1# - ASIENTO PRINCIPAL -- NOMBRE PERSONAL
Nombre personal Valette, Linda
245 10 - MENCIÓN DE TITULO
Título Ser mujer en un mundo de hombres /
Mención de responsabilidad Linda Valette ; cuidado edición José M. Fernández.
260 ## - PUBLICACIÓN, DISTRIBUCIÓN, ETC. (PIE DE IMPRENTA)
Lugar de publicación, distribución, etc Miami, Florida :
Nombre del editor, distribuidor, etc. K ediciones,
Fecha de publicación, distribución, etc 2018.
300 ## - DESCRIPCIÓN FÍSICA
Extensión 117 p. ;
Dimensiones 23 cm.
500 ## - NOTA GENERAL
Nota general Incluye datos biográficos de la autora en la contracubierta
590 ## - NOTA LOCAL
Texto de la nota local Inventariado, 2022/VM
650 #4 - ENCABEZAMIENTO DE MATERIA--TEMÁTICO
Término temático o nombre geográfico como elemento de entrada Mujeres ejecutivas.
Subdivisión geográfica República Dominicana
650 #4 - ENCABEZAMIENTO DE MATERIA--TEMÁTICO
Término temático o nombre geográfico como elemento de entrada Liderazgo.
700 1# - ASIENTO SECUNDARIO -- NOMBRE PERSONAL
Nombre personal Fernández, José M.,
Mención de responsabilidad edición
910 ## - VALIDACIÓN
Validación VMateo V.
942 ## - ADDED ENTRY ELEMENTS (KOHA)
Source of classification or shelving scheme Dewey Decimal Classification
Koha item type Libros
Existencias
Withdrawn status Lost status Source of classification or shelving scheme Damaged status Not for loan Collection code Home library Current library Date acquired Total Checkouts Full call number Barcode Date last seen Price effective from Koha item type
    Dewey Decimal Classification     Colección Dominicana Biblioteca Pública Metropolitana Salomé Ureña Biblioteca Pública Metropolitana Salomé Ureña 02/01/2022   BPMSU CD 658.4092 V168s 2018 BPM22020001 02/01/2022 02/01/2022 Libros